| 000 | 00609nam a22001697a 4500 | ||
|---|---|---|---|
| 005 | 20210414114116.0 | ||
| 008 | 120814t xxu||||| |||| 00| 0 eng d | ||
| 020 | _a1844252280 | ||
| 050 | _aTK9909.M11 | ||
| 100 | _aMacRae, Kyle | ||
| 245 |
_aBuild your own computer. / _cKyle MacRae |
||
| 300 |
_a168p. : _bill. ; _c28 cm. |
||
| 500 | _aincludes index | ||
| 505 | _aContents: Planning the 'perfect' PC -- Choosing your hardware -- Putting together a pentium desktop PC -- Assembling an Athlon SFF PC -- Final touches -- Appendices. | ||
| 650 |
_aMicrocomputers _xDesign and construction |
||
| 942 |
_2lcc _cBK |
||
| 999 |
_c2001 _d9501 |
||